|
|
|
|
| LEADER |
00000cam a2200000 7i4500 |
| 001 |
0000003106 |
| 005 |
20040526.0 |
| 020 |
0 |
0 |
|a 0130481955
|
| 090 |
0 |
0 |
|a 631.4
|b GAR 2004
|
| 100 |
1 |
0 |
|a GARDINER
|h Duane T.
|
| 245 |
1 |
0 |
|a Soils in our environment
|c Duane T. Gardiner, Raymond W. Miller
|
| 250 |
0 |
0 |
|a 10th ed.
|
| 260 |
0 |
0 |
|a Upper Saddle River, N.J. :
|b Pearson/Prentice Hall ,
|c 2004
|
| 300 |
|
|
|a xiii, 641 p. :
|b ill. (some col.) ;
|c 26 cm.
|
| 500 |
0 |
0 |
|a Includes index
|
| 650 |
0 |
0 |
|a Crops and soils
|
| 650 |
0 |
0 |
|a Soil management
|
| 650 |
0 |
0 |
|a Soil science
|
| 700 |
0 |
1 |
|a Miller
|h Raymond W. ,
|c 1928-
|
| 998 |
|
|
|a JPSM
|
| 999 |
|
|
|a 0000005571
|b Monograph
|c Open Shelf
|e Default branch
|